Tratado latinoamericano de sociología del trabajo /

El autor realiza una síntesis del desarrollo que ha tenido el concepto de Trabajo en a través de la historia en tres momentos: 1)Hasta la mitad del siglo XIX en la consolidación de la teoría Clásica,2)De la segunda mitad del siglo XIX hasta la crisis de 1929, 3)La revolución de Octubre de 1917 hasta...

Ausführliche Beschreibung

Gespeichert in:
Bibliographische Detailangaben
1. Verfasser: Garza Toledo, Enrique de la
Körperschaften: FLACSO, El Colegio de México Universidad Autónoma Metropolitana Fondo de Cultura Económica
Weitere Verfasser: coord
Format: Text
Veröffentlicht: México, D.F: El Colegio México
Schlagworte:
Tags: Tag hinzufügen
Keine Tags, Fügen Sie den ersten Tag hinzu!

MARC

LEADER 00000 a a2200000 04500
001 26856
003
040
020 |a 968-16-6026-9  
090 |a 146601  
100 |a Garza Toledo, Enrique de la  
110 |a FLACSO  
245 |a Tratado latinoamericano de sociología del trabajo /  |c FLACSO  
260 |a México, D.F:   |b El Colegio México  
300 |a 796 p  
520 |a El autor realiza una síntesis del desarrollo que ha tenido el concepto de Trabajo en a través de la historia en tres momentos: 1)Hasta la mitad del siglo XIX en la consolidación de la teoría Clásica,2)De la segunda mitad del siglo XIX hasta la crisis de 1929, 3)La revolución de Octubre de 1917 hasta los años sesenta, 4)De la crisis de los años sesenta hasta nuestros tiempos. En estos momentos señala los límites que posee el concepto de trabajo, la transformación de su contenido y el papel que ha desempeñado en las teorías sociales/WMV  
650 |a TRABAJO  
650 |a TEORIA  
650 |a ANALISIS SOCIOLOGICO  
650 |a TEORIA ECONOMICA  
650 |a FACTORES DE PRODUCCION  
650 |a CAMBIO TECNOLOGICO  
650 |a MERCADO DE TRABAJO  
650 |a ORGANIZACION DEL TRABAJO  
650 |a GRUPOS DE INTERESES  
650 |a SINDICALISMOS  
650 |a PARTICIPACION DE LOS TRABAJADORES  
650 |a RELACIONES LABORALES  
700 |a coord  
710 |a El Colegio de México   |a Universidad Autónoma Metropolitana   |a Fondo de Cultura Económica  
999 |c 9722  |d 9722